Album pozdně středověkého písma. Svazek XII/3., Východní Čechy. Kniha pamětní města Přibyslavi 1441-1600 = Album scripturae medii aevi posterioris. Volumen XII/3., Bohemia orientalis. Liber memorabilium civitatis Pribislaviensis 1441-1600 /

Hlavní autor: Pátková, Hana, 1967-
Jazyk: Latina
Čeština
Vydáno: Dolní Břežany : Scriptorium, 2013
Vydání: Vyd. 1.
Témata:
Externí odkaz: Digitalizovaný dokument
Fyzický popis: 16 s. : faksim. ; 30 cm
Language note: Část. souběžný latinský text
Knihy
Uloženo v:
LEADER 03221nam a2200781 a 4500
001 nkc20142541794
003 CZ PrNK
005 20181029130542.0
007 ta
008 140130s2013 xr h f f 000 0 cze
015 |a cnb002541794 
020 |a 978-80-87271-54-4  |q (brož.) :  |c Kč 75,00 
035 |a (OCoLC)872341401 
040 |a ABA001  |b cze 
041 1 |a cze  |a lat  |h cze 
043 |a e-xr---  |b e-xr-jc  |2 czenas 
045 |a s4u0 
072 7 |a 003  |x Systémy psaní a písma. Sémiotika (obecně)  |2 Konspekt  |9 11 
080 |a 003.072  |2 MRF 
080 |a 930.2:003.072  |2 MRF 
080 |a 003  |2 MRF 
080 |a 930.253:352  |2 MRF 
080 |a 82-94  |2 MRF 
080 |a 159.925.6  |2 MRF 
080 |a (437.324)  |2 MRF 
080 |a (0:82-9)  |2 MRF 
080 |a 091.07  |2 MRF 
080 |a (035)  |2 MRF 
100 1 |a Pátková, Hana,  |d 1967-  |7 jn20000402078  |4 aut 
245 1 0 |a Album pozdně středověkého písma.  |n Svazek XII/3.,  |p Východní Čechy.  |p Kniha pamětní města Přibyslavi 1441-1600 = Album scripturae medii aevi posterioris. Volumen XII/3., Bohemia orientalis. Liber memorabilium civitatis Pribislaviensis 1441-1600 /  |c [Hana Pátková] 
246 3 0 |a Východní Čechy 
246 3 0 |a Bohemia orientalis 
246 3 0 |a Kniha pamětní města Přibyslavi 1441-1600 
246 3 0 |a Liber memorabilium civitatis Pribislaviensis 1441-1600 
246 3 1 |a Album scripturae medii aevi posterioris 
250 |a Vyd. 1. 
260 |a Dolní Břežany :  |b Scriptorium,  |c 2013 
300 |a 16 s. :  |b faksim. ;  |c 30 cm 
500 |a Název z obálky 
500 |a 250 výt. 
546 |a Část. souběžný latinský text 
648 7 |a 15.-16. století  |7 ch757034  |2 czenas 
648 4 |a 1441-1600 
650 0 7 |a paleografie  |7 ph115648  |2 czenas 
650 0 7 |a písmo  |7 ph115978  |z Česko  |y 15.-16. století  |2 czenas 
650 0 7 |a městské knihy  |7 ph123104  |z Česko  |y 15.-16. století  |2 czenas 
650 0 7 |a pamětní knihy  |7 ph210485  |z Česko  |y 15.-16. století  |2 czenas 
650 0 7 |a rukopis (grafologie)  |7 ph297049  |z Česko  |y 15.-16. století  |2 czenas 
650 0 9 |a paleography  |2 eczenas 
650 0 9 |a script  |z Czechia  |y 15th-16th centuries  |2 eczenas 
650 0 9 |a town books  |z Czechia  |y 15th-16th centuries  |2 eczenas 
650 0 9 |a memorial books  |z Czechia  |y 15th-16th centuries  |2 eczenas 
650 0 9 |a handwriting (graphology)  |z Czechia  |y 15th-16th centuries  |2 eczenas 
651 7 |a Přibyslav (Havlíčkův Brod, Česko)  |7 ge130581  |2 czenas 
651 9 |a Přibyslav (Havlíčkův Brod, Czechia)  |2 eczenas 
655 7 |a texty  |7 fd133699  |2 czenas 
655 7 |a faksimile  |7 fd132227  |2 czenas 
655 7 |a příručky  |7 fd133209  |2 czenas 
655 9 |a texts  |2 eczenas 
655 9 |a facsimiles  |2 eczenas 
655 9 |a handbooks and manuals  |2 eczenas 
856 4 1 |u http://www.digitalniknihovna.cz/mzk/uuid/uuid:48a412f1-1189-11f1-9968-66e53810363a  |y Digitalizovaný dokument  |x NDK 
910 2 |a BOA001  |b 4-1113.077,12/3 
990 |a BK 
995 |a 01 
991 |b 201402  |c NOV  |e n 
996 6 |b 2610580232  |c 4-1113.077,12/3  |l MZK  |r Sklad / do 1 hodiny  |n 2  |p p.v.  |w 001397510  |u 000010  |a 1  |e BOA001  |j MZK50  |s P 
996 7 |b 2610596296  |c 4-1113.077,12/3  |l MZK  |r Sklad / do 1 hodiny  |n 4  |p kup  |w 001397510  |u 000020  |a 1  |e BOA001  |j MZK50  |s A